| 000 | 01450nam a2200373 c 4500 | ||
|---|---|---|---|
| 003 | BLK | ||
| 005 | 20241004181033.0 | ||
| 008 | 180408b bul|||||r ||||||| ||bul|| | ||
| 010 | _aKNG00098444000 | ||
| 020 |
_a978-954-26-0802-8 _bиздат.: Хермес |
||
| 040 | _aBLK | ||
| 041 |
_aBUL _cBUL |
||
| 072 | 7 |
_2bullib _aН83 _xЧужда художествена литература Н |
|
| 080 |
_aАнглийска литература _b821.111 _x-93-32 _z821.111-93-32 |
||
| 100 | 1 |
_aХопкинс, Кати _eпърви автор _9265497 |
|
| 700 | 1 |
_aРуева, Нина _eпрев. от англ. _9368110 |
|
| 139 |
_aХопкинс, Кати _bХ 65 |
||
| 245 | 1 | 0 |
_aМомиче на зодиака _bТанцуващата кралица _cКати Хопкинс; прев. от англ. Нина Руева. |
| 257 | _aGBR | ||
| 260 |
_аПловдив _bХермес _c2009 _fХасково : Полиграфюг |
||
| 300 |
_a192 с. _c20 см |
||
| 380 | _aDX | ||
| 500 | _aОриг. загл. Zodiac Girls : Dancing Queen / Cathy Hopkins. - Офс. изд. | ||
| 653 | _aповести | ||
| 653 | _aлитература за деца | ||
| 653 | _aдетска литература | ||
| 659 | _aН | ||
| 852 | _aЦб 250134 | ||
| 856 | 4 |
_qpdf _u |
|
| 856 | 4 |
_qpdf _u |
|
| 942 |
_cKNG _n0 _04 |
||
| 944 |
_aCR _c01.12.2010 _lБояна Костадинова _k30551 |
||
| 944 |
_aED _c31.05.2012 _lф / _k |
||
| 999 |
_c93644 _d93644 |
||